Current occupational & environmental medicine / (Record no. 160669)

MARC details
000 -LEADER
fixed length control field 01432cam a2200373 i 4500
001 - CONTROL NUMBER
control field vtls003263348
003 - CONTROL NUMBER IDENTIFIER
control field MY-SjTCS
005 - DATE AND TIME OF LATEST TRANSACTION
control field 20200226120219.0
008 - FIXED-LENGTH DATA ELEMENTS--GENERAL INFORMATION
fixed length control field 150601t20142014nyua b 001 0 eng d
020 ## - INTERNATIONAL STANDARD BOOK NUMBER
International Standard Book Number 9780071808156 (paperback)
039 #9 - LEVEL OF BIBLIOGRAPHIC CONTROL AND CODING DETAIL [OBSOLETE]
Level of rules in bibliographic description 201809071337
Level of effort used to assign nonsubject heading access points VLOAD
Level of effort used to assign subject headings 201507021109
Level of effort used to assign classification shuhada
Level of effort used to assign subject headings 201507021109
Level of effort used to assign classification shuhada
Level of effort used to assign subject headings 201507021108
Level of effort used to assign classification shuhada
-- 201506011343
-- malathy
040 ## - CATALOGING SOURCE
Description conventions rda
043 ## - GEOGRAPHIC AREA CODE
Geographic area code n-us---
082 04 - DEWEY DECIMAL CLASSIFICATION NUMBER
Classification number 616.9803
Item number CUR 2014
245 00 - TITLE STATEMENT
Title Current occupational & environmental medicine /
Statement of responsibility, etc. editors, Joseph LaDou, Robert J. Harrison.
246 3# - VARYING FORM OF TITLE
Title proper/short title Current occupational and environmental medicine
246 14 - VARYING FORM OF TITLE
Title proper/short title Current diagnosis & treatment :
Remainder of title occupational & environmental medicine
250 ## - EDITION STATEMENT
Edition statement Fifth edition.
264 #1 - PRODUCTION, PUBLICATION, DISTRIBUTION, MANUFACTURE, AND COPYRIGHT NOTICE
Place of production, publication, distribution, manufacture New York :
Name of producer, publisher, distributor, manufacturer McGraw-Hill Education/Medical,
Date of production, publication, distribution, manufacture, or copyright notice [2014]
264 #4 - PRODUCTION, PUBLICATION, DISTRIBUTION, MANUFACTURE, AND COPYRIGHT NOTICE
Date of production, publication, distribution, manufacture, or copyright notice ©2014
300 ## - PHYSICAL DESCRIPTION
Extent xii, 911 pages, 4 unnumbered pages of plates :
Other physical details illustrations (black and white, and colour) ;
Dimensions 24 cm
336 ## - CONTENT TYPE
Content type term text
Source rdacontent
336 ## - CONTENT TYPE
Content type term still image
Source rdacontent
337 ## - MEDIA TYPE
Media type term unmediated
Source rdamedia
338 ## - CARRIER TYPE
Carrier type term volume
Source rdacarrier
500 ## - GENERAL NOTE
General note "A Lange medical book."
504 ## - BIBLIOGRAPHY, ETC. NOTE
Bibliography, etc. note Includes bibliographical references and index.
650 #0 - SUBJECT ADDED ENTRY--TOPICAL TERM
Topical term or geographic name entry element Medicine, Industrial.
9 (RLIN) 56388
650 #0 - SUBJECT ADDED ENTRY--TOPICAL TERM
Topical term or geographic name entry element Environmental health.
650 #0 - SUBJECT ADDED ENTRY--TOPICAL TERM
Topical term or geographic name entry element Occupational diseases.
700 1# - ADDED ENTRY--PERSONAL NAME
Personal name LaDou, Joseph,
Dates associated with a name 1938-
9 (RLIN) 57411
700 1# - ADDED ENTRY--PERSONAL NAME
Personal name Harrison, Robert,
Dates associated with a name 1954-
9 (RLIN) 74434
920 ## - Programme
Programme SMN : 219714, 219499
Holdings
Withdrawn status Lost status Source of classification or shelving scheme Damaged status Not for loan Home library Current library Date acquired Total Checkouts Barcode Date last seen Copy number Uniform Resource Identifier Koha item type Public note Date last checked out
Withdrawn   Dewey Decimal Classification     Taylor's Library-TU Taylor's Library-TU 30/06/2015   5000157934 05/12/2019 1 Floor 4, Shelf 18 , Side 2, TierNo 4, BayNo 5 Main Collection SOMxx,33001,03,RM  
    Dewey Decimal Classification     Taylor's Library-TU Taylor's Library-TU 30/06/2015 1 5000156229 05/12/2019 1 Floor 4, Shelf 18 , Side 2, TierNo 4, BayNo 6 Main Collection SOMxx,33001,03,RM 04/12/2015